Regiones de Francia - Estadísticas

Estadísticas generales
  • Esta prueba ha sido intentada 21 veces
  • La puntuación promedio es 8 de 13
Estadísticas de respuestas
Capital Región % Correcto
Rouen Normandia
88%
Bordeaux Nueva Aquitania
88%
Parigi Isla de Francia
82%
Tolosa Occitania
71%
Marsiglia Provenza-Alpes-Costa Azul
71%
Lione Auvernia-Ródano-Alpes
65%
Rennes Bretaña
65%
Strasburgo Gran Este
65%
Ajaccio Córcega
53%
Orléans Centro-Valle de Loira
47%
Lilla Alta Francia
41%
Besançon Borgoña-Franco Condado
41%
Nantes Países del Loira
41%
No se encontraron pruebas coincidentes
Distribución de puntuación
Porcentaje de gente con cada puntuación
Porcentaje por número respondido
Historial de tus puntuaciones
No has intentado esta prueba.